Central Library OPAC University of Rajshahi

IBN Qudama"s Censure of speculative theology / (Record no. 32392)

MARC details
000 -LEADER
fixed length control field 01178cam a22002771a 4500
001 - CONTROL NUMBER
control field 32392
003 - CONTROL NUMBER IDENTIFIER
rucl marc code BD-RjUL
005 - DATE AND TIME OF LATEST TRANSACTION
control field 20211209051828.0
008 - FIXED-LENGTH DATA ELEMENTS--GENERAL INFORMATION
fixed length control field 140426s1962 enkfh b 001 0 eng
035 ## - SYSTEM CONTROL NUMBER
System control number (BD-RjUL)32481
System control number (OCoLC)255810
040 ## - CATALOGING SOURCE
Original cataloging agency DLC
Transcribing agency OGK
Modifying agency OCoLC
-- PPiU
-- DLC
-- BD-RjUL
Language of cataloging eng
041 1# - LANGUAGE CODE
Language code of text/sound track or separate title ebg
Language code of original ara
082 ## - DEWEY DECIMAL CLASSIFICATION NUMBER
Classification number 297.4
Author mark and year IBI 1962
100 2# - MAIN ENTRY--PERSONAL NAME
Personal name Ibn Qudāmah, Muwaffaq al-Dīn ʻAbd Allāh ibn Aḥmad,
Dates associated with a name 1147-1223.
9 (RLIN) 98537
245 10 - TITLE STATEMENT
Title IBN Qudama"s Censure of speculative theology /
Statement of responsibility, etc. an edition and translation of Ibn Qudāma's Taḥrīm an-nazar fī kutub ahl al-kalām, with introd. and notes; a contribution to the study of Islamic religious history ; by George Makdisi.
260 ## - PUBLICATION, DISTRIBUTION, ETC. (IMPRINT)
Place of publication, distribution, etc. London :
Name of publisher, distributor, etc. Printed for the trustees of the "E.J.W. Gibb memorial" and published by Luzac,
Date of publication, distribution, etc. 1962.
300 ## - PHYSICAL DESCRIPTION
Pagination xxvi, 55, 74 p., [3] leaves of plates :
Illustrations ill. ;
Size 25 cm.
504 ## - BIBLIOGRAPHY, ETC. NOTE
Bibliography, etc Includes Bibliography: p. 50-51 and index.
650 #0 - SUBJECT ADDED ENTRY--TOPICAL TERM
Topical term or geographic name as entry element Islam
General subdivision Doctrines
-- History.
9 (RLIN) 98539
700 1# - ADDED ENTRY--PERSONAL NAME
Personal name Makdisi, George.
942 ## - ADDED ENTRY ELEMENTS (KOHA)
Source of classification or shelving scheme Dewey Decimal Classification
Koha item type Books
Holdings
Lost status Source of classification or shelving scheme Damaged status Not for loan Collection code Permanent Location Current Location Shelving location Date acquired Source of acquisition Cost, normal purchase price Total Checkouts Full call number Date last seen Copy number Koha item type
  Dewey Decimal Classification   Not For Loan Non-fiction Central Library, University of Rajshahi Central Library, University of Rajshahi Reading Room 24/01/1964 Zitlinger 0.00   297.4 IBI 1962 26/04/2014 C-1 Books